| 000 | 00000nas 2200000za 4500 |
| 001 | 9.501595 |
| 003 | CaOODSP |
| 005 | 20250403104706 |
| 007 | cr ||||||||||| |
| 008 | 150406d20072007xxc|| p o||||f| |0fre|d |
| 022 | |a1914-2013 |
| 040 | |aCaOODSP|bfre |
| 043 | |an-cn--- |
| 086 | 1 |aCS12-003F-HTML |
| 245 | 00|aSystème de classification des produits de l'Amérique du Nord (SCPAN) - Canada |h[ressource électronique] |
| 260 | |aOttawa - Ontario : |bStatistique Canada |cJuin 2007. |
| 310 | |aIrrégulier |
| 362 | 1 |aParaît depuis et ne paraît plus après [Version provisoire 0.1] |
| 520 | 3 |aSera une norme générale pour la classification des produits. La classification est un projet concerté des organismes nationaux de statistique du Canada, du Mexique et des États-Unis. À titre de classification des produits, le SCPAN servira normalement à classer les revenus et les dépenses détaillés des entreprises, des administrations publiques et des ménages, à l'exception de ceux qui concernent les impôts, les transferts ou les bénéfices. |
| 691 | 07|aClassification|2gcpds |
| 710 | 2 |aStatistique Canada, |eorganisme de publication. |
| 775 | 08|tNorth American product classification system (NAPCS) - Canada |w(CaOODSP)9.505195 |